000 02478 a2200289 4500
001 47168
005 20260407155740.0
008 260407a1994 arg spa d
003 AR-UNSa-BCEJYS
040 _aAR-UNSa-BCEJYS
_bspa
_cAR-UNSa-BCEJYS
080 _a339.9
_xEconomía internacional en general. Relaciones económicas internacionales. Economía mundial
245 1 0 _aEconomía Internacional
_pteoría y política
020 _a84-481-1955-X
264 1 _aMadrid :
_bMcGraw-Hill
_c1994
300 _axxxiii, 845 p.
_c24 cm
505 _a1. Introducción - Primera Parte: Teoría del comercio internacional: 2. Productividad del trabajo y ventaja comparativa: el modelo ricardiano - 3. Factores específicos y distribución de la renta - 4. Dotación de recursos y comercio: el modelo Heckscher-Ohlin - 5. El modelo estándar de comercio - 6. Economías de escala, competencia imperfecta y comercio internacional - 7. Los movimientos internacionales de factores - Segunda Parte: Política comercial internacional: 8. Los instrumentos de la política comercial - 9. La economía política comercial - 10. La política comercial en los países en vías de desarrollo - 11. Política industrial en los países avanzados - Tercera Parte: Los tipos de cambio y la macroeconomía en una economía abierta: 12. La contabilidad nacional y la balanza de pagos - 13. Los tipos de cambio y el mercado de divisas. Un enfoque de activos - 14. El dinero, los tipos de interés y los tipos de cambio - 15. El nivel de precios y el tipo de cambio a largo plazo - 16. El producto nacional y los tipos de cambio a corto plazo - 17. Los tipos de cambio fijos y la intervención en los mercados de cambio - Cuarta Parte: La política macroeconómica internacional: 18. El sistema monetario internacional, 1870-1973 - 19. La política macroeconómica y la coordinación con tipos de cambio flotantes - 20. El mercado global de capitales: funcionamiento y problemas de política económica - 21. Los países en vías de desarrollo y el problema de la deuda internacional -
942 _cBK
590 _aniveau_biblio:m niveau_hierar:0
100 1 _aTurno Garuz, Joaquin
700 1 _aObstfeld, Maurice
700 1 _aKrugman, Paul R.
700 1 _aSánchez Diaz, Emili
700 1 _aOlleta Taña, Jordi
700 1 _aTugores Ques, Juan
700 1 _aBernardos, Gonzalo
856 4 1 _uhttps://www.biblioeco.unsa.edu.ar/pmb/images/libros/L127417.jpg
_yImagen de portada
_qimage/jpeg
999 _c4309
_d4309